<?xml version="1.0" encoding="UTF-8"?>
<marc:record xmlns:marc="http://www.loc.gov/MARC21/slim">
   <marc:leader>00000nam a2200000 a 4500</marc:leader>
   <marc:datafield ind1="1" ind2=" " tag="100">
      <marc:subfield code="a">Siegner, Ingo</marc:subfield>
      <marc:subfield code="4">aut</marc:subfield>
      <marc:subfield code="e">Verfasser/-in</marc:subfield>
   </marc:datafield>
   <marc:datafield ind1="0" ind2="0" tag="245">
      <marc:subfield code="a">Der kleine Drache Kokosnuss und der chinesische Drache</marc:subfield>
   </marc:datafield>
   <marc:datafield ind1="0" ind2="0" tag="245">
      <marc:subfield code="c">Ingo Siegner</marc:subfield>
   </marc:datafield>
   <marc:datafield ind1=" " ind2="1" tag="264">
      <marc:subfield code="a">Hamburg</marc:subfield>
      <marc:subfield code="b">Gruner &amp; Jahr</marc:subfield>
      <marc:subfield code="c">2020</marc:subfield>
   </marc:datafield>
   <marc:datafield ind1="1" ind2=" " tag="490">
      <marc:subfield code="a">Der kleine Drache Kokosnuss</marc:subfield>
   </marc:datafield>
   <marc:datafield ind1=" " ind2=" " tag="250">
      <marc:subfield code="a">1. Aufl.</marc:subfield>
   </marc:datafield>
   <marc:datafield ind1="1" ind2=" " tag="520">
      <marc:subfield code="a">Der kleine Drache Kokosnuss und das Stachelschwein Matilda sind am Strand mit ihren Freund Oskar verabredet. Als der kleine Fressdrache endlich auftaucht, ist er ziemlich geknickt: In den Sommerferien soll er mit seinem Papa Herbert nach China zur Hochzeit von Onkel Helmut fahren. Da Kokosnuss sich schon lange für China interessiert, ist schnell beschlossen, dass die Freunde gemeinsam fahren. Außerdem muss sich ja auch jemand um Oskars Papa kümmern, der sich mit den chinesischen Sitten überhaupt nicht auskennt. Nicht, dass er sich danebenbenimmt! Und sollte er dem mächtigen chinesischen Drachen Long Long begegnen, könnte das gefährlich werden ...</marc:subfield>
   </marc:datafield>
   <marc:datafield ind1=" " ind2=" " tag="020">
      <marc:subfield code="a">9783570177341</marc:subfield>
      <marc:subfield code="9">9783570177341</marc:subfield>
   </marc:datafield>
   <marc:datafield ind1=" " ind2=" " tag="020">
      <marc:subfield code="a">3570177343</marc:subfield>
      <marc:subfield code="9">3570177343</marc:subfield>
   </marc:datafield>
   <marc:datafield ind1=" " ind2=" " tag="300">
      <marc:subfield code="a">65 S.</marc:subfield>
   </marc:datafield>
</marc:record>
